000 00299nam a22000977a 4500
008 230607b |||||||| |||| 00| 0 eng d
020 _a9789351777496
100 _aSUBRAMANIAM ARJUN
_97679
245 _aINDIA'S A MILITARY HISTORY WARS (1947-1971)
260 _aINDIA
_bHARPER COLLINS PUBLISHERS INDIA
_c2016
999 _c12311
_d12311